00829nam a2200241Ia 450000500170000000800410001702000150005808200160007310000210008924501000011025000190021030000420022949000440027165000430031565000380035865000350039670000190043126400140045033600270046433700330049133800280052404000350055220220317001201.0160825s2006 xx a g 000 0 spa  a848298365204a597.3bT19t1 aTaylor, Leighton10aTiburonescLeighton Taylor ; ilustradores Martin Camm... (y otros) ; traducción Claudia Conde a1a. edición  a64 páginas bilustraciones c22 cm  aLos exploradores de National Geographic142LEMBaTiburonesxHábitos y conducta 142LEMBaTiburones xAlimentación 142LEMBaTiburones xEnseñanza 1 aConde, Claudia aRBAc2006 atextobtxt2rdacontent asin mediaciónbn2rdamedia avolumenbnc2rdacarrier aCO-BoRNBPbspaerdacCO-BoRNBP